Multimediálna interaktívna aplikácia pre vyučovanie kompresných algoritmov = Multimedia interactive aplication for teaching compressive algorithm : Bakalárska práca

Gespeichert in:
Bibliographische Detailangaben
1. Verfasser: Očovan, Ján (Verfasst von)
Weitere Verfasser: Važan, Pavel, 1962- (xxx)
Format: Manuskript Buch
Sprache:Slowakisch
Veröffentlicht: Trnava : STU v Bratislave MTF UIAM, 2009
Schlagworte:
Tags: Tag hinzufügen
Keine Tags, Fügen Sie das erste Tag hinzu!

MARC

LEADER 00000ntm a22000003a 4500
001 stu197796
005 20160719160034.0
008 100113s2009----xo------------------slo-d
040 |a STU  |b slo 
041 0 |a slo 
044 |a xo 
100 1 |a Očovan, Ján  |4 aut 
245 1 |a Multimediálna interaktívna aplikácia pre vyučovanie kompresných algoritmov = Multimedia interactive aplication for teaching compressive algorithm :  |b Bakalárska práca 
260 |a Trnava :  |b STU v Bratislave MTF UIAM,  |c 2009 
300 |a 41 s  |c Prílohy + 1 CD-ROM 
500 |a Kombinácia študijných odborov: 5.2.14 automatizácia, 9.2.9 aplikovaná informatika 
500 |a Študijný program: aplikovaná informatika a automatizácia v priemysle 
650 7 |a flash  |2 stusub 
650 7 |a ActioScript  |2 stusub 
650 7 |a animácia počítačová  |2 stusub 
700 1 |a Važan, Pavel,  |d 1962-  |4 xxx  |u M6000  |U MTF Materiálovotechnologická fakulta  |T MTF Ústav aplikovanej informatiky, automatizácie a matematiky  |X 323  |U M6000  |Y 86  |7 A000000323 
996 |b 284M077274  |c M*BP-3919  |l MMSKP  |s P  |a 0  |w stu197796_0001